|
|
|
|
| LEADER |
01012nam a2200301 a 4500 |
| 001 |
000534138 |
| 003 |
CZ BrMZK |
| 005 |
20000105143423.0 |
| 007 |
ta |
| 008 |
891116s1989 xr a f 000 m cze d |
| 015 |
|
|
|a cnb000050203
|
| 020 |
|
|
|q (Brož.)
|
| 035 |
|
|
|a (OCoLC)39432894
|
| 040 |
|
|
|a BOA001
|b cze
|
| 080 |
|
|
|a 543.061(075.8):378.4
|2 MRF
|
| 100 |
1 |
|
|a Simon, Vladimír,
|d 1923-1990
|7 jk01111329
|4 aut
|
| 245 |
1 |
0 |
|a Chemická analýza kvalitativní :
|b skripta pro posl. přírodověd. fakulty Univ. Karlovy /
|c Vladimír Simon ; Jan Doležal
|
| 250 |
|
|
|a 2. vyd.
|
| 260 |
|
|
|a Praha :
|b Univerzita Karlova,
|c 1989
|
| 300 |
|
|
|a 263 s. :
|b obr., tb. ;
|c 29 cm
|
| 500 |
|
|
|a Pozn.
|
| 500 |
|
|
|a Přehl. lit.
|
| 500 |
|
|
|a Rozmn.
|
| 700 |
1 |
|
|a Doležal, Jan,
|d 1923-1981
|7 jk01022612
|4 aut
|
| 910 |
|
|
|a BOA001
|b 4-0946.450
|
| 964 |
|
|
|a Analýza chemická kvalitativní - učebnice vysokošk.
|
| 990 |
|
|
|a BK
|
| 996 |
7 |
|
|b 2619743206
|c 4-0946.450
|l MZK
|r Sklad / do 1 hodiny
|n 2
|w 000534138
|u 000010
|a 1
|e BOA001
|j MZK50
|s A
|